000
00340nam a22001577a 4500
003
SGT
020
_a
978-81-7910-343-2
082
_a
637.3
_b
MOD
100
_a
MODI,H.A.
245
_a
FERMENTED MILK PRODUCTS
250
_a
1ST
260
_a
INDIA
_b
AAVISHKAR PUB.
_c
2020
300
_a
226
650
_a
MILK PRODUCTS
942
_2
ddc
_c
BK
999
_c
28570
_d
28570